[Event "Ambes op 3rd"]
[Site "Ambes"]
[Date "2010.04.28"]
[Round "5"]
[White "Lambert, Robert"]
[Black "Gallice, Francois"]
[Result "0-1"]
[WhiteElo "1811"]
[BlackElo "1861"]
[PlyCount "78"]
[EventDate "2010.04.24"]
[EventType "swiss"]
[EventRounds "9"]
[EventCountry "FRA"]
[SourceTitle "EXT 2011"]
[Source "ChessBase"]
[SourceDate "2010.11.26"]
[SourceVersion "1"]
[SourceVersionDate "2010.11.26"]
[SourceQuality "1"]

1. e4 c5 2. Nf3 d6 3. d4 cxd4 4. Nxd4 Nf6 5. Nc3 g6 6. Be3 Bg7 7. f3 Nbd7 8. Qd2 h5 9. 0-0-0 a6 10. Be2 Ne5 11. h3 Bd7 12. f4 Nc6 13. Nxc6 Bxc6 14. Bf3 Qc7 15. Qf2 Nd7 16. Nd5 Bxd5 17. Rxd5 Rc8 18. Rhd1 Nf6 19. R5d3 Qa5 20. Ra3 Qb5 21. e5 dxe5 22. Rb3 Qc4 23. Bxb7 0-0 24. Bxc8 Ne4 25. Qf3 Rxc8 26. c3 f5 27. Kb1 a5 28. fxe5 Bxe5 29. Qf1 Qc6 30. Bd4 Bd6 31. Qd3 a4 32. Rb5 a3 33. bxa3 Bxa3 34. Rb6 Nxc3+ 35. Qxc3 Qe4+ 36. Ka1 Rxc3 37. Bxc3 Qc2 38. Rxg6+ Kh7 39. Rg7+ Kh6 0-1

[Event "Creon op 14th"]
[Site "Creon"]
[Date "2009.07.27"]
[Round "1"]
[White "Lambert, Robert"]
[Black "Chabrol, Thierry"]
[Result "0-1"]
[WhiteElo "1825"]
[BlackElo "2096"]
[PlyCount "124"]
[EventDate "2009.07.27"]
[EventType "swiss"]
[EventRounds "9"]
[EventCountry "FRA"]
[SourceTitle "CBM 131 Extra"]
[Source "ChessBase"]
[SourceDate "2009.09.03"]
[SourceVersion "2"]
[SourceVersionDate "2009.09.16"]
[SourceQuality "1"]

1. e4 e6 2. d4 d5 3. Nd2 c5 4. exd5 exd5 5. Ngf3 Nf6 6. Bb5+ Bd7 7. Qe2+ Be7 8. dxc5 0-0 9. 0-0 Bxc5 10. Bxd7 Nbxd7 11. Nb3 Bb6 12. Bg5 Qc7 13. c3 Ne4 14. Be3 Rfe8 15. Bxb6 Qxb6 16. Qd3 Ne5 17. Nxe5 Rxe5 18. Qd4 Qd6 19. Rae1 Rh5 20. h3 Qg6 21. Qe3 Rg5 22. Qf3 h5 23. Re2 a5 24. Nd4 Ra6 25. h4 Rf6 26. hxg5 Rxf3 27. Nxf3 Qf5 28. Rfe1 b5 29. Re3 f6 30. gxf6 g5 31. R1e2 Qxf6 32. Nd2 Nc5 33. Re5 Nd3 34. Re8+ Kf7 35. Rb8 Nxb2 36. Ree8 Qxc3 37. Rf8+ Kg7 38. Nf3 Qc1+ 39. Kh2 Qc7+ 40. Kg1 Qc1+ 41. Kh2 Qc7+ 42. Kg1 g4 43. Rfc8 Qe7 44. Re8 Qc5 45. Rec8 Qb4 46. Rb6 gxf3 47. Rc7+ Kg8 48. Rb8+ Qf8 49. Rxf8+ Kxf8 50. Rd7 Nd1 51. Rxd5 Nc3 52. Rd2 fxg2 53. Kxg2 b4 54. Rb2 Ke7 55. f4 Ke6 56. Rf2 Kf5 57. Kf3 Nd5 58. Kg3 Nc3 59. Kf3 Nd5 60. Kg3 Nc3 61. Kf3 a4 62. Ke3 Nd1+ 0-1